01361nam a2200337 a 4500001001200000003000800012006001900020007001500039008004100054010001700095020001500112040002100127035002100148050002700169082001600196100003100212245010500243260006400348300002300412490004300435504006600478533015200544650002700696650003800723655002900761700003100790710001700821830004400838856012600882999001501008ebr10005713CaPaEBRm u cr cn|||||||||010228s2002 enka sb 001 0 eng  z 2001025490 z0521583780 aCaPaEBRcCaPaEBR a(OCoLC)25249670314aP325.5.H57bT73 2002eb04a401/.432211 aTraugott, Elizabeth Closs.10aRegularity in semantic changeh[electronic resource] /cElizabeth Closs Traugott, Richard B. Dasher. aCambridge ;aNew York :bCambridge University Press,c2002. axx, 341 p. :bill.1 aCambridge studies in linguistics ;v96 aIncludes bibliographical references (p. 286-327) and indexes. aElectronic reproduction.bPalo Alto, Calif. :cebrary,d2013.nAvailable via World Wide Web.nAccess may be limited to ebrary affiliated libraries. 0aSemantics, Historical. 0aGrammar, Comparative and general. 7aElectronic books.2local1 aDasher, Richard B.,d1955-2 aebrary, Inc. 0aCambridge studies in linguistics ;v96.40uhttp://site.ebrary.com/lib/rucke/Doc?id=10005713zAn electronic book accessible through the World Wide Web; click to view c3419d3419